| 000 | 00328nam a2200109Ia 4500 | ||
|---|---|---|---|
| 008 | 160531s9999 xx 000 0 und d | ||
| 100 | _aLloyd, Barbara. | ||
| 245 | _aHealth Promotion: Evidence And Experience | ||
| 245 | _cBy:Barbara Lloyd, Kevin Lucas | ||
| 260 | _c2015 | ||
| 856 | _uhttp://file.ebook777.com/HeaProEviAndExp.pdf | ||
| 999 |
_c295345 _d295345 |
||